| 000 | 00894cam a2200277 a 4500 | ||
|---|---|---|---|
| 001 | 12972888 | ||
| 003 | OSt | ||
| 005 | 20190617162151.0 | ||
| 008 | 020820s2002 ug b 001 0 eng | ||
| 010 | _a 2002345645 | ||
| 035 | _a(DLC) 2002345645 | ||
| 040 |
_aDLC _cDLC _dDLC |
||
| 042 | _alcode | ||
| 043 | _af-ug--- | ||
| 050 | 0 | 0 |
_aKTW172 _b.K36 2002 |
| 082 |
_a342.0296761 _221 ed. _bKAN |
||
| 100 | 1 |
_aKanyeihamba, George W. _9495 |
|
| 245 | 1 | 0 |
_aConstitutional and political history of Uganda : _bfrom 1894 to the present / _cG.W. Kanyeihamba. |
| 260 |
_aKampala : _bCentenary Pub. House, _c2002. |
||
| 300 |
_axi, 345 p. ; _c24 cm. |
||
| 504 | _aIncludes bibliographical references (p. 334-339) and index. | ||
| 650 | 0 |
_aConstitutional history _zUganda. _9496 |
|
| 906 |
_a7 _bcbc _corigode _d3 _encip _f20 _gy-gencatlg |
||
| 942 |
_2ddc _cBK |
||
| 999 |
_c174 _d174 |
||